000 00340 a2200133 4500
000 nam a22 7a 4500
100 _aSunil Kumar
110 _aSunil Kumar
245 _aSports Management in Physical Education
250 _aLatest edition
260 _bKhel Sahitya Kendra
_c2024
264 _bKhel Sahitya Kendra
_c2024
942 _cBK
999 _c394181
_d394181